000
00309nam a2200157Ia 4500
100
_a
Somers/Matt
942
_c
BK
366
_f
17.5
654
_a
coaching
245
_a
Coaching
260
_b
Hodder Education
_c
2008
082
_a
658.0092/SOM
_b
SOM
300
_a
192
546
_a
ENGLISH
999
_c
19718
_d
19718